000 00682nam a2200277Ia 4500
005 20260324131840.0
008 008 260324s9999 xx 000 0 eng d
020 _a9781410613523
037 _aEBOOK
040 _aCRL
040 _beng
040 _cCRL
041 _2eng
041 _aeng
084 _qCRL
100 _aSuzanne M. Bianchi; Rosalind Berkow King; Lynne M. Casper
_91187066
245 0 _aWork, Family, Health, and Well-Being
260 _bTaylor and Francis
260 _c2005
365 _a
365 _b195
856 _uhttp://www.taylorfrancis.com/books/9781410613523
942 _cEBOOK
999 _c1784605
_d1784605